Statistics for Karst landforms by picture

Click here to take the quiz!

General Stats

  • This quiz has been taken 11 times
  • The average score is 2 of 15

Answer Stats

Answer% Correct
Stalagmite
90%
Sinkhole
50%
Cenote
20%
Karst Tower
20%
Polje
20%
Flowstone
10%
Limestone Pavements / Lapies
10%
Soda Straw
10%
Cave Popcorns
0%
Helictite
0%
Limestone Cliffs
0%
Stalacite
0%
Terra Rossa
0%
Tufa
0%
Uvala
0%

Score Distribution

Percentile by Number Answered

Percent of People with Each Score

Your Score History

You have not taken this quiz